• 首页
  • 本馆介绍
  • 公告通知
  • 最新文献
  • 馆藏检索
  • 电子资源
  • 读者导购
  • 参考咨询
  • 我的图书馆
  • 登录
  • 详细信息显示
  • 放入我的书架
  • 预约/预借图书
  • 作者相关作品
  • 分类相关作品
  • 丛书相关作品
  • 出版社相关作品

书目信息

  • 表格格式
  • 工作单格式
  • 卡片格式
题名:
高校武术教学的价值分析与优化研究
    
 
作者: 於世海 著
分册:  
出版信息: 长春   吉林大学出版社  2021.05
页数: 250页
开本: 24cm
丛书名:
单 册:
中图分类: G852.02
科图分类:
主题词: 武术--wu shu--体育教学--教学研究--高等学校
电子资源:
ISBN: 978-7-5692-6791-4
000 01283nam0 2200253 450
001 012001003331
005 20141204144521.0
010    @a978-7-5692-6791-4@dCNY80.00
099    @aCAL 012021066305
100    @a20220905d2021 em y0chiy50 ea
101 0  @achi
102    @aCN@b220000
105    @aa a 000yy
106    @ar
200 1  @a高校武术教学的价值分析与优化研究@Agao xiao wu shu jiao xue de jia zhi fen xi yu you hua yan jiu@f於世海著
210    @a长春@c吉林大学出版社@d2021.05
215    @a250页@c图@d24cm
320    @a有书目 (第248-250页)
330    @a本书从价值与优化两个层面对高校武术教学进行了系统分析研究,主要内容包括:传统武术与高校体育教学的融合、高校武术教学与大学生健康成长、高校武术教学与大学生全面发展、高校武术教学与中国传统文化传承、高校武术教学课程的设置与优化、高校武术教学的基本理论与优化、高校武术教学优化的保障研究、高校武术教学价值分析与优化的典型分析,同时对文化教育方面的影响进行了重点强调,提出了武术教学不仅可以提高习练者的身体素质,更对中国传统文化教育起到了潜移默化的影响。本书结构合理,论述严谨,条理清晰,内容丰富新颖,是一本值得学习研究的著作。
606 0  @a武术@Awu shu@x体育教学@x教学研究@x高等学校
690    @aG852.02@v5
701  0 @a於世海@Ayu shi hai@4著
801  0 @aCN@bAHXH@c20221111
905    @b1374511-5@dG852.02@e584@f5
    
    高校武术教学的价值分析与优化研究/於世海著.-长春:吉林大学出版社,2021.05
    250页:图;24cm
    
    
    ISBN 978-7-5692-6791-4:CNY80.00
    本书从价值与优化两个层面对高校武术教学进行了系统分析研究,主要内容包括:传统武术与高校体育教学的融合、高校武术教学与大学生健康成长、高校武术教学与大学生全面发展、高校武术教学与中国传统文化传承、高校武术教学课程的设置与优化、高校武术教学的基本理论与优化、高校武术教学优化的保障研究、高校武术教学价值分析与优化的典型分析,同时对文化教育方面的影响进行了重点强调,提出了武术教学不仅可以提高习练者的身体素质,更对中国传统文化教育起到了潜移默化的影响。本书结构合理,论述严谨,条理清晰,内容丰富新颖,是一本值得学习研究的著作。
●
相关链接 在E读中查询图书 在五车中查询图书 在当当中查询图书 在豆瓣中查询图书


正题名:高校武术教学的价值分析与优化研究     索取号:G852.02/584         预约/预借

序号 登录号 条形码 馆藏地/架位号 状态 备注
1 1374511   213745116   第一样本阅览室/ [索取号:G852.02/584] 在馆    
2 1374512   213745125   教育系资料室/ [索取号:G852.02/584] 在馆    
3 1374513   213745134   教育系资料室/ [索取号:G852.02/584] 在馆    
4 1374514   213745143   第四借阅区/ [索取号:G852.02/584] 在馆    
5 1374515   213745152   第四借阅区/ [索取号:G852.02/584] 在馆    
唐山师范学院图书馆 欢迎您!
大连网信软件有限公司© 版权所有